00478nam a2200157Ia 450000500170000000800410001708200130005810000210007124500200009226000340011230000180014650000360016494200060020095200990020699900150030520250405112808.0240331s9999 xx 000 0 und d bSUBa894 aSubramanyam, K.N 0aKalai nutpangal aMadrasbVel Publicationc1988 aXiv, 192 p ., aA Collection of essays in tamil cL 001040708LaWERCLbWERCLcSSCd2024-03-31l0o 894.811 SUBp1527r2024-03-31w2024-03-31yL c4035d4035